00350nam a2200133Ia 4500008004100000020001500041041000800056082001700064100002200081245004400103260005000147300001000197650000900207210716s1993 xx 000 0 und d a8186011161 aeng a005.301 BULP aBultema, Patrick. aPractical guide to lotus 1-2-3 for DOS. aNew DelhibGalgotia Publication Pvt Ltdc1993 ax,400 aNone